书目信息 |
| 题名: |
税收分析理论与实践
|
|
| 作者: | 赵喜红 主编 | |
| 分册: | ||
| 出版信息: | 北京 中国市场出版社 2013 |
|
| 页数: | 406页 | |
| 开本: | 26cm | |
| 丛书名: | ||
| 单 册: | ||
| 中图分类: | F810.423 | |
| 科图分类: | ||
| 主题词: | 税收管理--经济活动分析--职业培训--教材 , 税收管理 , 经济活动分析 | |
| 电子资源: | ||
| ISBN: | 978-7-5092-1150-2 | |
| 000 | 01081nam0 2200277 450 | |
| 001 | 523 | |
| 005 | 20140909101406.65 | |
| 010 | @a978-7-5092-1150-2@dCNY60.00 | |
| 100 | @a20140111d2013 em y0chiy50 ea | |
| 101 | 0 | @achi |
| 102 | @aCN@b110000 | |
| 105 | @ay z 000yy | |
| 106 | @ar | |
| 200 | 1 | @a税收分析理论与实践@AShui Shou Fen Xi Li Lun Yu Shi Jian@dTax analysis: theory and practice@f赵喜红主编@FZhao Xi Hong Zhu Bian@zeng |
| 210 | @a北京@c中国市场出版社@d2013 | |
| 215 | @a406页@d26cm | |
| 300 | @a税务培训专用教程 | |
| 330 | @a本书按照“理论与实践相结合”的原则和思路,不仅介绍了税收分析的各种理论,更注重与实际工作相结合,力求突出实用性,从分析指标、分析方法、分析范式、分析步骤等方面对税收分析的全过程进行详实地描述和展示,对实际工作具有较强的针对性。 | |
| 510 | 1 | @aTax analysis: theory and practice@zeng |
| 606 | 0 | @a税收管理@x经济活动分析@x职业培训@j教材 |
| 606 | 0 | @a税收管理 |
| 606 | 0 | @a经济活动分析 |
| 690 | @aF810.423@v5 | |
| 701 | 0 | @a赵喜红@AZhao Xi Hong@c(女)@4主编 |
| 801 | 0 | @aCN@bTANGWEI@c20140603 |
| 905 | @b0838660-62@dF810.423@e67@f3 | |
| 税收分析理论与实践=Tax analysis: theory and practice/赵喜红主编.-北京:中国市场出版社,2013 |
| 406页;26cm |
| 税务培训专用教程 |
| ISBN 978-7-5092-1150-2:CNY60.00 |
| 本书按照“理论与实践相结合”的原则和思路,不仅介绍了税收分析的各种理论,更注重与实际工作相结合,力求突出实用性,从分析指标、分析方法、分析范式、分析步骤等方面对税收分析的全过程进行详实地描述和展示,对实际工作具有较强的针对性。 |
| ● |
| 相关链接 |
|
|
|
|
正题名:税收分析理论与实践
索取号:F810.423/67
 
预约/预借
| 序号 | 登录号 | 条形码 | 馆藏地/架位号 | 状态 | 备注 |
| 1 | 0838660 | 208386600 | 第一样本阅览室/ [索取号:F810.423/67] | 在馆 | |
| 2 | 0838661 | 208386619 | 第一借阅区/ [索取号:F810.423/67] | 在馆 | |
| 3 | 0838662 | 208386628 | 密集书库-海洋学院/ [索取号:F810.423/67] | 在馆 |